Vplyv Euroázijskej hospodárskej únie na strategické rozvojové zámery obchodných vzťahov EÚ diplomová práca

Enregistré dans:
Détails bibliographiques
Auteur principal: Evaničová, Veronika
Collectivité auteur: Obchodná fakulta EU. Katedra medzinárodného obchodu
Autres auteurs: Kašťáková, Elena, 1974-
Format: Livre
Langue:slovaque
Publié: Bratislava 2017
Tags: Ajouter un tag
Pas de tags, Soyez le premier à ajouter un tag!

MARC

LEADER 00000nbm a2200000 4500
001 0230608
005 20170927111239.0
041 0 |a slo 
044 |a SK 
245 1 0 |a Vplyv Euroázijskej hospodárskej únie na strategické rozvojové zámery obchodných vzťahov EÚ  |b diplomová práca  |c Veronika Evaničová ; školiteľ: Elena Kašťáková 
264 1 |a Bratislava  |c 2017 
300 |a 84 s. 
100 1 |a Evaničová, Veronika 
700 1 |a Kašťáková, Elena, 1974- 
710 2 |a Obchodná fakulta EU. Katedra medzinárodného obchodu